000 00319cam a2200121ua 4500
082 _a828.09
_bMUL/IN
100 _aMulgan, John .
_91928
245 0 0 _aIntroduction to English Litreature /
260 _aMumbai :
_bOxford & IBH Book Company ,
_c1964.
300 _a182 ; .
700 1 _aDavin, D.M .
_91929
942 _cBK
999 _c12262
_d12262